| 000 | 00567nam a2200205Ia 4500 | ||
|---|---|---|---|
| 003 | 0100 | ||
| 008 | 130303s9999 xx 000 0 und d | ||
| 040 | _cARRUPELIB | ||
| 050 | _aQH332.E431999 | ||
| 245 | _aEmbodying Bioethics | ||
| 245 | _bRecent Feminist Advances | ||
| 260 | _aRowman and Littlefield | ||
| 260 | _bNew York | ||
| 260 | _C1999 | ||
| 300 | _a286p.22cm | ||
| 650 | _bBas-Congo, Congo (District)--History | ||
| 650 | _cMissions--Bas-Congo, Congo (District) | ||
| 700 | _aedited by Anne Donchin , Donchin AnnePurdy, Laura Martha | ||
| 942 | 0 | 0 | _01 |
| 999 |
_c17145 _d17145 |
||